Mujer, maquila y democracia /
El inicio de la industria maquiladora en Costa Rica se inserta dentro de una política de desarrollo que pioriza la vía de la promoción de las exportaciones, la cual comenzó a ganar terreno desde inicios de la década de los ochentas. El mayor porcentaje de trabajadores en la maquila son mujeres, debi...
Gespeichert in:
| 1. Verfasser: | |
|---|---|
| Weitere Verfasser: | |
| Format: | Text |
| Veröffentlicht: |
Heredia :
|
| Schlagworte: | |
| Tags: |
Tag hinzufügen
Keine Tags, Fügen Sie den ersten Tag hinzu!
|
MARC
| LEADER | 00000 a a2200000 04500 | ||
|---|---|---|---|
| 001 | 12762 | ||
| 003 | |||
| 040 | |||
| 090 | |a 024400 | ||
| 100 | |a Duarte, Ana Virginia | ||
| 245 | |a Mujer, maquila y democracia / |c Ana Virginia Duarte | ||
| 260 | |a Heredia : | ||
| 300 | |a 14 p. | ||
| 520 | |a El inicio de la industria maquiladora en Costa Rica se inserta dentro de una política de desarrollo que pioriza la vía de la promoción de las exportaciones, la cual comenzó a ganar terreno desde inicios de la década de los ochentas. El mayor porcentaje de trabajadores en la maquila son mujeres, debido a que son consideradas: más pacientes, más responsables, capaces de soportar operaciones tediosas, monótonas, poco gratificantes, ect. A la industria de maquila el gobierno le otorga drédito intensivo aduciendo que es generadora de empleo. En esta ponencia, en concreto, se hace referencia al cierre de una fábrica de maquila y la lucha trabajadoras a partir del momento en que se dan cuenta de que la empresa está quebrada, Se refiere también a la falta de solidaridad por parte de los medios informativos, quienes deasuntos sin importancia hacen grandes reportajes, mientras que un asunto tan importante como el referido pasa desapercibido. SM/eb | ||
| 650 | |a INDUSTRIA | ||
| 650 | |a INDUSTRIA DE ENSAMBLAJE | ||
| 650 | |a TRABAJADORAS | ||
| 650 | |a CONFLICTOS LABORALES | ||
| 650 | |a DEMOCRACIA | ||
| 650 | |a MUJERES | ||
| 650 | |a MEDIOS DE COMUNICACION DE MASAS | ||
| 700 | |a Quintanilla Alvarez, Soledad | ||
| 999 | |c 15816 |d 15816 | ||
